Giáo trình luật tố tụng dân sự Việt Nam

保存先:
書誌詳細
第一著者: Nguyễn, Công Bình
フォーマット: 図書
言語:Undetermined
出版事項: Hà Nội Công an Nhân dân 2003
主題:
タグ: タグ追加
タグなし, このレコードへの初めてのタグを付けませんか!
Thư viện lưu trữ: Trung tâm Học liệu Trường Đại học Cần Thơ
LEADER 00599nam a2200205Ia 4500
001 CTU_64138
008 210402s9999 xx 000 0 und d
020 |b 25000 
082 |a 347.59705 
082 |b B312 
100 |a Nguyễn, Công Bình 
245 0 |a Giáo trình luật tố tụng dân sự Việt Nam 
245 0 |c Nguyễn Công Bình 
260 |a Hà Nội 
260 |b Công an Nhân dân 
260 |c 2003 
650 |a Civil law,Civil procedure 
650 |z Viet nam 
904 |i TUYẾN 
980 |a Trung tâm Học liệu Trường Đại học Cần Thơ